000 00553nam a2200229Ia 4500
003 OSt
005 20220918204809.0
006 a|||||r|||| 00| 0
007 ta
008 220917b |||||||| |||| 00| 0 eng d
024 _a114,096
037 _cTextual
040 _aARTS
_cARTS
_beng
041 _2eng
_aeng
082 _aV58:1:N5, J1
100 _aDallin David J
_9113072
245 0 _aNew Soviet empire
260 _c1951
650 _aHISTORY
942 _hV58:1:N5, J1
_cTEXL
_2CC
999 _c237427
_d237427